Príklad na vyplnenie majetkového priznania
Príklad na vyplnenie majetkového priznania pre manželov s jedným maloletým dieťaťom: ocenenie majetku, údaje, ktoré je povinný uviesť manžel, resp. manželka.
Salvato in:
| Natura: | Capitolo di libro |
|---|---|
| Lingua: | slovacco |
| Soggetti: | |
| Tags: |
Nessun Tag, puoi essere il primo ad aggiungerne!!
|
MARC
| LEADER | 00000naa a2200000 4500 | ||
|---|---|---|---|
| 001 | r020710 | ||
| 005 | 20230921074205.2 | ||
| 041 | 0 | |a slo | |
| 044 | |a SK | ||
| 245 | 1 | 0 | |a Príklad na vyplnenie majetkového priznania |
| 520 | |a Príklad na vyplnenie majetkového priznania pre manželov s jedným maloletým dieťaťom: ocenenie majetku, údaje, ktoré je povinný uviesť manžel, resp. manželka. | ||
| 610 | 2 | 0 | |a Slovensko |
| 610 | 2 | 0 | |a priznania majetkové |
| 610 | 2 | 0 | |a nehnuteľnosti |
| 610 | 2 | 0 | |a hnuteľnosti |
| 610 | 2 | 0 | |a vlastníctvo súkromné |
| 610 | 2 | 0 | |a osoby fyzické |
| 610 | 2 | 0 | |a predpisy |